Stati con forze militari limitate - Statistics

Statistiche generali
  • Questo quiz è stato fatto 17 volte
  • Il punteggio medio è 3 su 6
Statistiche sulle risposte
Commenti Continente Stato % Corretto
Primo Paese senza un esercito. La costituzione proibisce la formazione di un esercito fin dalla fine della guerra civile, nel 1949. Sede della corte Inter-Americana dei diritti umani. Sede dell'Università per la Pace delle Nazioni Unite America del Nord Costa Rica
75%
Nessuna forza armata a partire dal 1859, ma è membro della NATO. Esiste un accordo di difesa con gli Stati Uniti d'America i quali hanno mantenuto una base militare nel Paese dal 1951 fino al settembre 2006. Il Paese mantiene attiva una forza militare di peace-keeping di pronto intervento, la Guardia Costiera, il corpo di Polizia e le Forze Speciali di Polizia Europa Islanda
50%
Ha rinunciato agli investimenti militari nel XVII secolo perché i progressi nel campo dell'artiglieria lo resero praticamente indifendibile. La difesa è affidata alla Francia. Mantiene una forza di polizia ed una compagnia di carabinieri della quale il Principe in carica ha il grado di colonnello Europa Monaco
50%
Abolite le forze armate nel 1990. Con un voto plebiscitario, il parlamento ha confermato la modifica costituzionale nel 1994. Alcune unità delle forze di Polizia dispongono di limitate capacità di combattimento America del Nord Panama
50%
Dispone di una piccola forza militare mobile Oceania Vanuatu
33%
Dal 1968 mantiene solo una forza di polizia paramilitare Africa Mauritius
8%
Nessun quiz corrispondente trovato
Distribuzione punteggi
Percentuale di utenti per punteggio
Percentile per numero di risposta
I tuoi punteggi nel tempo
Non hai fatto questo quiz